| 000 | 03250nam a2200313 a 4500 | ||
|---|---|---|---|
| 001 | 000015098 | ||
| 003 | DO-SdBNP | ||
| 005 | 20221005115828.0 | ||
| 008 | 100201s2002 ve 000 0 spa d | ||
| 020 | _a9803171941 | ||
| 040 |
_aDO-SdBNP _bspa _cBPMSU |
||
| 082 |
_a320.9729 _bD578r 2002 _222 |
||
| 100 | 1 | _aDilla, Haroldo | |
| 245 | 1 | 4 |
_aLos recursos de la gobernabilidad en la Cuenca del Caribe / _cHaroldo Dilla ; edición Carlos González Ruiz. |
| 260 |
_aCaracas, Venezuela : _bFLACSO, _c2002. _b |
||
| 300 |
_a300 p. ; _c23 cm. |
||
| 500 | _aIncluye datos biográficos del autor en la solapa de la cubierta | ||
| 504 | _aIncluye referencias bilbiográficas y notas al pie de las páginas | ||
| 504 | _aIncluye bibliografías | ||
| 505 | 0 | _aPresentación - Rubén Silié 7 -- Introducción - Haroldo Dilla Alfonso 9 -- Un debate sobre la gobernabilidad -- Los recursos de la gobernabilidad en la Cuenca del Caribe: ¿hay alternativas? - Haroldo Dilla Alfonso 13 -- Algunas consideraciones críticas sobre la gobernabilidad en el Caribe - Carlos Sojo 35 -- Comentarios: una perspectiva desde la geopolítica - Jorge Rodríguez Beruff 47 -- "Nuevo orden panamericano" y gobernabilidad democrática en el Gran Caribe - Luis Suárez Salazar 53 -- Vulnerabilidad económica, exposición al riesgo y gobernabilidad en la Cuenca del Caribe - Guarocuya Félix 65 -- ¿Son gobernables nuestras ciudades? - Carlos García Pleyán 71 -- Nuevo tipo de gobernabilidad o ingobernabilidad regional - Sobeida de Jesús Cedano 77 -- Movimientos sociales y gobiernabilidad -- Vieques: sociedad civil y nuevo escenario político - José Javier Colón Morera y José Rivera Santana 89 -- Futuro y realidad de los movimientos comunitarios en Cuba - Graciela Morales Pacheco 111 -- El movimiento barrial en la República Dominicana. Acercamiento a su lectura cultural - Tahira Vargas 127 -- Movimientos sociales en el Caribe - Blanca Ortiz-Torres 145 -- Movimientos sociales y política: tres experiencias latinoamericanas - Viviana Patroni 151 -- Estudios de casos nacionales -- Cuba: los escenarios cambiantes de la gobernabilidad - Haroldo Dilla Alfonso 159 -- Democracia y gobernabilidad en Haití: desafíos y perspectivas (1986-2000) - Cary Hector 181 -- República Dominicana: la gobernabilidad obstruida por la exclusión política - César Pérez 207 -- México pos PRI: crisis de la autonomía estatal, estancamiento económico y retos para la gobernabilidad - José Luis León 235 -- La crisis política colombiana - Pedro Santana Rodríguez 253 -- Gobernabilidad democrática en Venezuela: entre consensos y conflictos - Raquel Gamus 265 -- La sociedad civil transnacional en el debate sobre integración y gobernabilidad democrática regional en el Gran Caribe - Hernán Yánez Quintero 287 -- Autores 299 | |
| 590 | _6Inventariado, 2022/VM | ||
| 650 |
_aGobernabilidad _zCaribe (Región) _vEnsayos, conferencias, etc. |
||
| 650 |
_aProblemas sociales _zCaribe (Región) _vEnsayos, conferencias. etc. |
||
| 651 | 4 |
_aCaribe (Región) _xPolítica y gobierno _vEnsayos, conferencias, etc. |
|
| 700 | 1 |
_aGonzález Ruiz, Carlos, _eed. |
|
| 710 | 2 | _aFLACSO Programa (República Dominicana) | |
| 910 | _aVMateo V. /Validado | ||
| 942 |
_2ddc _cBK |
||
| 999 |
_c14296 _d14296 |
||